Obtención de parámetros climáticos de la Estación Los Diamantes, para el diseño de sistemas térmicos
Αποθηκεύτηκε σε:
| Κύριος συγγραφέας: | |
|---|---|
| Άλλοι συγγραφείς: | |
| Μορφή: | Βιβλίο |
| Έκδοση: |
San José, Costa Rica
2000
|
| Θέματα: | |
| Ετικέτες: |
Προσθήκη ετικέτας
Δεν υπάρχουν, Καταχωρήστε ετικέτα πρώτοι!
|
MARC
| LEADER | 00000nam a2200000Ia 4500 | ||
|---|---|---|---|
| 003 | 008807 | ||
| 005 | 20231206145342.0 | ||
| 008 | 140114s2000 cr a m 000 ||s d | ||
| 040 | |c cru CEDI | ||
| 090 | |a TFG 4366 | ||
| 100 | |a Durán Corrales, Roy Wilfredo, 1966- |9 1998 | ||
| 245 | |a Obtención de parámetros climáticos de la Estación Los Diamantes, para el diseño de sistemas térmicos | ||
| 260 | |a San José, Costa Rica |c 2000 | ||
| 300 | |a xvii, 192 hojas : ilustraciones (algunas color) | ||
| 500 | |a Proyecto de graduación (licenciatura en ingeniería mecánica)--Universidad de Costa Rica. Facultad de Ingeniería. Escuela de Ingeniería Mecánica | ||
| 501 | |a Profesor Guía: Juan José Gutiérrez Saxe | ||
| 650 | |x CLIMATOLOGIA |x PROGRAMAS PARA COMPUTADORA |x OBSERVATORIOS METEOROLOGICOS |x INNOVACIONES AGRICOLAS |9 7668 | ||
| 700 | |a Gutiérrez Saxe, Juan José, 1945- |d Director del TFG |9 1999 | ||
| 942 | |c TFG |h TFG 4366 |i 008807 |6 TFG_4366_008807000000000 | ||
| 999 | |c 18072 |d 18072 | ||
